000 00234nam a2200097Ia 4500
008 231107s1995 xx 000 0 und d
041 _aeng
100 _aLewis G.
245 _aCarpentry
260 _aLondon
_bDelmar Publishers Inc.
_c1995
999 _c928198
_d928198